000 00520nam a2200181Ia 4500
999 _c1721
_d1721
003 OSt
005 20200925130726.0
008 190216s9999||||xx |||||||||||||| ||und||
020 _a9781859962923
040 _coclc
082 _a510
_bMAC/M
100 _aMackenzie, Aulay
_95011
245 0 _aMathematics and Statistics For Life Scientists /
_cAulay Mackenzie
260 _bTaylor&Francis,
_aNew York:
_c2007.
300 _a175p
650 _aBotany
942 _cBK
_2ddc
_h510
_iMAC/M
_k510
_mMAC/M